000 01029nam a22002537a 4500
005 20170124103049.0
010 _aB-012014
020 _c100.00
035 _aB-012014
037 _bCen Lib/Ret
040 _aDPL
_bHN
082 _a
_bमानको
100 _aमानकोटीया, पुष्पा
_970096
245 _aप्यार के रिश्ते /
_cपुष्पा मानकोटीया
246 _aPyar ke rishte /
_bby Pushpa Mankotiya
260 _a दिल्ली
_bराजेश प्रकाशन
_c2000
270 _b दिल्ली
_aजी-5/62, अर्जुन नगर
_e110051
300 _a104पृ.
_c19सेमी (सजिल्द )
650 _aहिंदी साहित्य
_x
_z
_970097
650 _aहिंदी साहित्य
_v
_xकहानियां
_970098
650 _aHindi literature
_970099
650 _aHindi literature
_xstories
_970100
942 _2ddc
_cHN
_h
_mमानको
999 _c117103
_d117103